000 00902nam a2200301 i 4500
003 EG-GICUC
005 20260510144150.0
008 260510s1952 enk||||fr|||| 00| 0 eng d
040 _aEG-GiCUC
_beng
_cEG-GiCUC
_dEG-GiCUC
_erda
041 _aeng
082 0 4 _221
_a345.251
_bWA.L
092 0 4 _221
099 _aLaw1 07 345.251 WA.L 1952
100 1 _aWarren , J. H.
_eAuthor.
245 _aThe Local Government Service /
_cJ. H. Warren .
264 _aLondon :
_bGEORGE ALLEN & UNWIN LTD ,
_c1952.
300 _a222 pages ,
_c24 cm
336 _2rda content
_atext
337 _2rda media
_aComputer
338 _2rda carrier
_aOnline Resource
546 _aText in English
650 1 _aDroit administratif
650 1 _aUnités de gouvernement local
651 1 _2qrmak
856 4 0 _uhttps://fll.law.cu.edu.eg/fulltext/bks/B08-05496.pdf
905 _a60
942 _2ddc
_cBK
_e21
_n0
999 _c76496
_d76496